00242nam a2200109Ia 4500100001900000650001200019654001400031245003100045260003600076300000800112546001200120 aDesphande/M.K  aGeneral aDictonary aMarathi- English Dictonary bIuvichar PrakashanaPoonac1984 a634 aENGLISH